000 00348nam a22001337a 4500
020 _a978-93-5141-481-0
082 _a000
_bJOS/F
100 _aAMIT JOSHI, NEETU GAIKWAS
245 _aALL IN ONE FOUNDATION OF INFORMATION TECHNOLOGY
_bCLASS IX
260 _aMEERUT
_bARIHANT PRAKASHAN
300 _a175
650 _aIT FOR CLASS IX
_zINDIA
942 _cBK
999 _c933
_d933